000 00770nam a2200241 i 4500
001 bg
100 1 _aHARVEY, Greg
245 1 7 _a1-2-3 [Jeden dwa trzy] Lotus dla opornych /
_cGreg Harvey ; [oprac. wersji polskiej Piotr Kolczyński ; przekł. uzup. z ang. Wojtek Kowal et al.].
246 _iTyt. oryg.:
_a1-2-3 for dummies
260 _aWarszawa :
_b"Read Me",
_c1993.
300 _aXX, 320 s. :
_brys., wykr. ;
_c24 cm.
500 _aOryg. : "1-2-3 for dummies" 1992.
630 0 9 _aLotus 1-2-3
655 _aPodręczniki
700 1 _aKOLCZYŃSKI, Piotr.
_eOprac.
020 _a8385769269
040 _cBPK
041 1 _apl
_hen
080 _a657+651:681.322.06](07)
920 _a83-85769-26-9
942 _cKS
008 s pl f |000 0 pol
999 _c32529
_d32529
856 _uhttp://koha.tu.koszalin.pl/cgi-bin/koha/opac-detail.pl?biblionumber=32529
_yKatalog online BPK